<?xml version="1.0" encoding="UTF-8"?><?xml-stylesheet type="text/xsl" href="static/style.xsl"?><OAI-PMH xmlns="http://www.openarchives.org/OAI/2.0/" xmlns:xsi="http://www.w3.org/2001/XMLSchema-instance" xsi:schemaLocation="http://www.openarchives.org/OAI/2.0/ http://www.openarchives.org/OAI/2.0/OAI-PMH.xsd"><responseDate>2026-04-13T13:18:31Z</responseDate><request verb="GetRecord" identifier="oai:www.recercat.cat:2099.1/16447" metadataPrefix="marc">https://recercat.cat/oai/request</request><GetRecord><record><header><identifier>oai:recercat.cat:2099.1/16447</identifier><datestamp>2025-07-22T16:39:26Z</datestamp><setSpec>com_2072_1033</setSpec><setSpec>col_2072_452951</setSpec></header><metadata><record xmlns="http://www.loc.gov/MARC21/slim" xmlns:dcterms="http://purl.org/dc/terms/" xmlns:xsi="http://www.w3.org/2001/XMLSchema-instance" xmlns:doc="http://www.lyncode.com/xoai" xsi:schemaLocation="http://www.loc.gov/MARC21/slim http://www.loc.gov/standards/marcxml/schema/MARC21slim.xsd">
   <leader>00925njm 22002777a 4500</leader>
   <datafield ind2=" " ind1=" " tag="042">
      <subfield code="a">dc</subfield>
   </datafield>
   <datafield ind2=" " ind1=" " tag="720">
      <subfield code="a">Ivanov, Alexandru</subfield>
      <subfield code="e">author</subfield>
   </datafield>
   <datafield ind2=" " ind1=" " tag="260">
      <subfield code="c">2012-06</subfield>
   </datafield>
   <datafield ind2=" " ind1=" " tag="520">
      <subfield code="a">El estudio presente analiza la eficacia de la detección de fallos mecánicos debidos&#xd;
a la excentricidad del entrehierro y el mal estado de los rodamientos, en motores&#xd;
síncronos de imanes permanentes (PMSM) mediante el análisis de los armónicos&#xd;
de corriente del estator así como de las vibraciones del mismo.&#xd;
El correcto mantenimiento del motor PMSM requiere detectar de manera eficiente&#xd;
los posibles fallos. El primer método de detección desarrollado consta en el&#xd;
análisis de armónicos de vibraciones. Es un método eficaz pero que implica un&#xd;
coste elevado por necesitar el uso de un sensor de vibraciones externo al convertidor.&#xd;
Aprovechando los sensores de corriente incorporados en el convertidor, se pretende&#xd;
demostrar la eficiencia de la detección de fallos mediante los armónicos de&#xd;
corriente del estator del motor y de este modo eliminar el inconveniente que presenta&#xd;
la detección mediante armónicos de vibraciones. Este método solo supondría&#xd;
la incorporación en el convertidor de una función adicional encargada del&#xd;
procesamiento de los armónicos mediante series de Fourier y un algoritmo que&#xd;
compare los datos que se adquieren con un modelo de referencia de una máquina&#xd;
en buen estado.&#xd;
Para ello se dispone de una bancada experimental con elementos complementarios&#xd;
de adquisición y tratamiento de señales, en la que se realizarán pruebas&#xd;
sobre motores que presenten los fallos mencionados, adquiriendo datos y procesándolos&#xd;
para observar las diferencias entre el análisis de armónicos de corriente&#xd;
y el análisis de los armónicos de vibraciones.</subfield>
   </datafield>
   <datafield tag="653" ind2=" " ind1=" ">
      <subfield code="a">Àrees temàtiques de la UPC::Enginyeria mecànica::Motors::Motors elèctrics</subfield>
   </datafield>
   <datafield tag="653" ind2=" " ind1=" ">
      <subfield code="a">Permanent magnet motors</subfield>
   </datafield>
   <datafield tag="653" ind2=" " ind1=" ">
      <subfield code="a">Motors d'imants permanents</subfield>
   </datafield>
   <datafield ind2="0" ind1="0" tag="245">
      <subfield code="a">Estudio sobre diagnóstico de fallos en motores PMSM basado en el análisis de armónicos de corriente y vibraciones</subfield>
   </datafield>
</record></metadata></record></GetRecord></OAI-PMH>